<An> approximate Bartlett adjustment for testing the goodness of fit of multinomial regression models.
Návrh viacerých metód testovania zhody multinomiálnych regresných modelov. Úprava nezávisí od použitého modelu, takže bude mať široký okruh aplikácií. S úspechom ju možno aplikovať na McCullaghhov model, používaný na vyhodnotenie rýchlosti v niektorých simulačných štúdiách.
Saved in:
| Main Author: | |
|---|---|
| Format: | Book Chapter |
| Language: | English |
| Subjects: | |
| Tags: |
No Tags, Be the first to tag this record!
|
MARC
| LEADER | 00000naa a2200000 4500 | ||
|---|---|---|---|
| 001 | r006173 | ||
| 005 | 20221213085027.6 | ||
| 041 | 0 | |a eng | |
| 044 | |a GB | ||
| 245 | 1 | 0 | |a <An> approximate Bartlett adjustment for testing the goodness of fit of multinomial regression models. |c D. Lugtenburg |
| 520 | |a Návrh viacerých metód testovania zhody multinomiálnych regresných modelov. Úprava nezávisí od použitého modelu, takže bude mať široký okruh aplikácií. S úspechom ju možno aplikovať na McCullaghhov model, používaný na vyhodnotenie rýchlosti v niektorých simulačných štúdiách. | ||
| 610 | 2 | 0 | |a modely regresné |
| 610 | 2 | 0 | |a modely štatistické |
| 610 | 2 | 0 | |a simulácia |
| 100 | 1 | |a Lugtenburg, D. | |